000 00491nam a2200193Ia 4500
003 GCL
008 140319s9999 xx 000 0 eng d
040 _aGCL /
_cGCL
082 0 4 _a956.9144
_bS D
100 1 _aSAUVAGET, J
245 1 0 _aDAMAS ET LA SYRIE SUD /
_cSAUVAGET, J
700 1 _aWEULERSSE,J
260 _aسوريا :
_bOFFICE TOUISTIQUE ،
_c1936
300 _a42P ؛
_c30 cm.
650 0 4 _aDAMASCUS
650 0 4 _aHISTORY
650 0 4 _aSYRIA - DAMASCUS
942 _2ddc
_cBK
999 _c12422
_d12422